| 000 | 01201nam0a2200325 i 4500 | ||
|---|---|---|---|
| 001 | RU\NLR\BIBL_A\010005228 | ||
| 005 | 20240726092526.0 | ||
| 010 |
_a9785871846094 _9300 |
||
| 021 |
_aRU _b13-81054 |
||
| 035 | _a(NILC)RuMoRGB-006678453 | ||
| 035 | _a(NLR Aleph) 010005228 | ||
| 090 |
_a9820830 _c9820830 |
||
| 100 | _a20131119d2013 m y0rusy50 ca | ||
| 101 | 0 | _arus | |
| 102 | _aRU | ||
| 105 | _aac||z|||000zy | ||
| 200 | 1 |
_aЧтоб сердца согревать!... _eсборник рассказов, очерков, интервью в двух книгах _fВладимир Стог |
|
| 210 |
_aЧелябинск _cЧелябинский Дом печати _d2013 |
||
| 215 |
_a303 с. _cил., портр. _d21 |
||
| 300 | _aНа обл. в подзаг.: Сборник прозы | ||
| 675 | _a821.161.1-3 | ||
| 686 | 2 | _aШ6(2=Р)8-44 | |
| 700 | 1 |
_aСтог _bВ. А. _gВладимир Арсентьевич |
|
| 801 | 0 |
_aRU _bRuMoRKP _c20131014 _gRCR |
|
| 801 | 2 |
_aRU _bРГБ _c20131023 _grcr |
|
| 942 | _cBOOK | ||
| 980 | _aNBR | ||